30 days to the GMAT CAT (Record no. 3281)
[ view plain ]
| 000 -LEADER | |
|---|---|
| fixed length control field | 00524nam a22001697a 4500 |
| 020 ## - INTERNATIONAL STANDARD BOOK NUMBER | |
| ISBN | 0028618343 |
| 022 ## - INTERNATIONAL STANDARD SERIAL NUMBER | |
| ISSN | 9780028618340 |
| 050 ## - CALL NUMBER | |
| Classification number | HF1118.St3 |
| 100 ## - AUTHOR | |
| Personal name | Mark A Stewart |
| 245 ## - TITLE | |
| Title | 30 days to the GMAT CAT |
| Remainder of title | Make the most of what you've got |
| Statement of responsibility, etc | Mark A Stewart |
| 260 ## - PUBLICATION INFORMATION | |
| Place of publication | USA |
| Name of publisher | MacMillan |
| Year of publication | 1998 |
| 300 ## - DESCRIPTION | |
| Number of Pages | 257 pages |
| Other physical details | illustrations ; 24 cm |
| 500 ## - NOTES | |
| General note | "An Arco book." |
| 505 ## - FORMATTED CONTENTS NOTE | |
| Table of Content | The 30 day Program |
| 650 ## - SUBJECTS | |
| Topical Term | Graduate Management Admission Test. |
| General subdivision | Computer adaptive testing. |
| 942 ## - ADDED ENTRY ELEMENTS (KOHA) | |
| Koha item type | Books |
| Withdrawn status | Lost status | Collection code | Home library | Current library | Shelving location | Date acquired | Full call number | Accession Number | Koha item type |
|---|---|---|---|---|---|---|---|---|---|
| Reference | Methodist University Library Main | Methodist University Library Main | General Stacks | 03/05/2018 | HF1118.St3 | 39476 | Books |